[Event "Liverpool Open"]
[Site "?"]
[Date "2007.09.03"]
[Round "2.36"]
[White "Atako, Chino"]
[Black "Ashton, David"]
[Result "1-0"]
[WhiteElo "2181"]
[BlackElo "1576"]
[PlyCount "45"]
[EventDate "2007.09.05"]
[SourceDate "2007.09.05"]

1. e4 e6 2. Nc3 d5 3. Nf3 Nf6 4. e5 Nfd7 5. d4 c5 6. dxc5 Bxc5 7. Bd3 Nc6 8.
Bf4 d4 9. Ne4 Bb4+ 10. c3 dxc3 11. bxc3 Be7 12. O-O f5 13. exf6 Nxf6 14. Qc2
Nxe4 15. Bxe4 g5 16. Rfd1 Bd7 17. Be5 Rf8 18. Bxh7 Rxf3 19. Qg6+ Rf7 20. Bg7
Bf6 21. Bg8 Ne5 22. Bxf7+ Nxf7 23. Bxf6 1-0

[Event "Liverpool Open"]
[Site "?"]
[Date "2007.09.03"]
[Round "2.37"]
[White "Balatoni, Richard"]
[Black "Yeo, Michael J"]
[Result "0-1"]
[WhiteElo "1528"]
[BlackElo "2153"]
[PlyCount "24"]
[EventDate "2007.09.05"]
[SourceDate "2007.09.05"]

1. e4 e5 2. Bc4 Nf6 3. d3 Bc5 4. Nc3 Nc6 5. f4 d6 6. Nf3 a6 7. Qe2 Bg4 8. Be3
exf4 9. Bxf4 Nd4 10. Qd1 Nh5 11. Bd2 Nxf3+ 12. gxf3 Qh4+ 0-1

[Event "Liverpool Open"]
[Site "?"]
[Date "2007.09.03"]
[Round "2.38"]
[White "Crean, Mike"]
[Black "MacGilchrist, Siegrun"]
[Result "0-1"]
[WhiteElo "1424"]
[BlackElo "1834"]
[PlyCount "160"]
[EventDate "2007.09.05"]
[SourceDate "2007.09.05"]

1. e4 c6 2. Bc4 d5 3. exd5 cxd5 4. Bb3 e5 5. d3 Nc6 6. Nf3 Bg4 7. h3 Be6 8. O-O
Bd6 9. Bg5 f6 10. Bh4 Nh6 11. Bg3 Nf5 12. Bh2 Nfd4 13. Nbd2 O-O 14. c3 Nxb3 15.
axb3 Qc7 16. Re1 Bf5 17. d4 exd4 18. Bxd6 Qxd6 19. Nxd4 Nxd4 20. cxd4 a6 21.
Qf3 Bg6 22. Qg3 Qxg3 23. fxg3 Rfe8 24. Kf2 Rac8 25. Rec1 Bd3 26. Rxc8 Rxc8 27.
Ke3 Bg6 28. Ra5 Bf7 29. Rc5 Re8+ 30. Kf2 Re7 31. Rc8+ Be8 32. Rd8 Kf7 33. Rxd5
Bb5 34. Nc4 Kg6 35. g4 Rc7 36. Rc5 Rd7 37. Ke3 Bc6 38. g3 Re7+ 39. Kf2 Re4 40.
d5 Bb5 41. Kf3 Rd4 42. Ke3 Rd1 43. h4 Bd7 44. h5+ Kh6 45. Nd2 Bxg4 46. d6 Re1+
47. Kf4 Rd1 48. Rd5 Bd7 49. g4 g5+ 50. hxg6 Kxg6 51. Rd4 {(=)} Kf7 52. Ke3 Re1+
53. Kf2 Re6 54. Ne4 Ke8 55. Nc5 Re5 56. Ne4 Kf7 57. Kg3 Ke6 58. b4 b6 59. Kf4
h6 60. Ng3 {(=)} Kf7 61. Re4 Rxe4+ 62. Nxe4 Ke6 63. Kf3 Bc6 64. Kf4 Bd7 65. b3
{(=)} Be8 66. Ke3 f5 67. gxf5+ Kxf5 68. Kf3 Bc6 69. Ke3 Ke6 70. Ng3 Bd7 71. Ne4
Ke5 72. Kd3 h5 73. Ke3 h4 74. Nd2 Kxd6 75. Kf3 Be6 76. Kf4 h3 77. Kg3 Ke5 78.
b5 a5 79. Kh2 Kd4 80. Nb1 Kc5 0-1

[Event "Liverpool Open"]
[Site "?"]
[Date "2007.09.03"]
[Round "2.39"]
[White "Ali, Golam"]
[Black "Morton, Alistair"]
[Result "1-0"]
[WhiteElo "1816"]
[BlackElo "1440"]
[PlyCount "75"]
[EventDate "2007.09.05"]
[SourceDate "2007.09.05"]

1. d4 Nf6 2. c4 e6 3. Nf3 d5 4. Bg5 Nbd7 5. Nc3 Be7 6. e3 a6 7. Rc1 O-O 8. Bd3
dxc4 9. Bxc4 b5 10. Bb3 Bb7 11. O-O Rc8 12. Ne5 c5 13. Bc2 cxd4 14. Qxd4 Nxe5
15. Qxe5 Rc5 16. Qg3 Nh5 17. Bxe7 Qxe7 18. Qh3 Rfc8 19. Bb1 Qg5 20. f4 Qe7 21.
Rcd1 Nf6 22. Rd2 Rh5 23. Qg3 b4 24. Na4 Be4 25. Rd4 Bxb1 26. Rxb1 Qc7 27. b3
Qc2 28. Qe1 Ng4 29. Nb6 Nxe3 30. Rd2 Qc5 31. Nxc8 Ng4+ 32. Qf2 Qxc8 33. Qb6 Rd5
34. Rxd5 exd5 35. Rd1 h6 36. Qxb4 Qc2 37. Qd2 Qc5+ 38. Qd4 1-0

[Event "Liverpool Open"]
[Site "?"]
[Date "2007.09.03"]
[Round "2.40"]
[White "McBride, John"]
[Black "Martin, Brian"]
[Result "1-0"]
[WhiteElo "1776"]
[BlackElo "1424"]
[PlyCount "69"]
[EventDate "2007.09.05"]
[SourceDate "2007.09.05"]

1. d4 d5 2. c4 Nc6 3. Nc3 Nf6 4. Nf3 Bg4 5. Ne5 dxc4 6. Nxg4 Nxg4 7. d5 Nce5 8.
e4 e6 9. Be2 h5 10. h3 Nxf2 11. Kxf2 Bc5+ 12. Ke1 Qh4+ 13. Kd2 O-O-O 14. Qf1
Kb8 15. Kc2 exd5 16. exd5 Rxd5 17. Qf4 Qd8 18. Nxd5 Qxd5 19. Rd1 Qe6 20. Qe4
Bd6 21. Bf4 f5 22. Qd5 Re8 23. Qxe6 Rxe6 24. Bxe5 Rxe5 25. Bxc4 b5 26. Bf1 a5
27. Rac1 g5 28. Kb1 Ka7 29. g4 hxg4 30. hxg4 f4 31. Re1 Rd5 32. Rcd1 Rxd1+ 33.
Rxd1 Kb6 34. Bg2 c6 35. Rxd6 1-0

[Event "Liverpool Open"]
[Site "?"]
[Date "2007.09.03"]
[Round "2.41"]
[White "Frith, Robert"]
[Black "Bentley, Emma"]
[Result "1/2-1/2"]
[WhiteElo "1696"]
[BlackElo "1368"]
[PlyCount "140"]
[EventDate "2007.09.05"]
[SourceDate "2007.09.05"]

1. c4 e5 2. Nc3 Nc6 3. g3 Bc5 4. Bg2 Nf6 5. d3 h6 6. Nf3 d6 7. O-O O-O 8. Nd2
Bd7 9. a3 a5 10. Nb3 Bb6 11. e3 Qc8 12. Re1 Re8 13. Bd2 Bh3 14. Bh1 Bg4 15. Qc2
Qf5 16. Ne4 Bf3 17. Nxf6+ Qxf6 18. Bxf3 Qxf3 19. Qd1 Qxd1 20. Raxd1 Rad8 21.
Rc1 a4 22. Na1 Na7 23. Bb4 c5 24. Bd2 Nc6 25. Red1 Kh7 26. Nc2 Na5 27. Bxa5
Bxa5 28. e4 Rb8 29. Ne3 g6 30. Rc2 Kg7 31. b3 axb3 32. Rb2 b5 33. Rxb3 b4 34.
a4 Kg8 35. Kg2 Kg7 36. f4 exf4 37. gxf4 f5 38. Kf3 fxe4+ 39. dxe4 Bc7 40. a5
Ra8 41. e5 Re6 42. Nd5 Bd8 43. Nb6 Rxa5 44. Nc8 Ra2 45. Nxd6 Ra3 46. Rxa3 bxa3
47. Nb5 Ra6 48. Ra1 a2 49. Ke4 Bh4 50. Kd3 Be1 51. Rxe1 a1=Q 52. Rxa1 Rxa1 53.
Ke4 Ra2 54. Kd5 Rxh2 55. Kxc5 Rf2 56. Kd6 Rxf4 57. c5 h5 58. Nc7 Rd4+ 59. Nd5
h4 60. e6 h3 61. e7 Re4 62. c6 h2 63. c7 h1=Q 64. c8=Q Qh2+ 65. Kd7 Qh3+ 66.
Kd8 Qh8+ 67. Kd7 Rxe7+ 68. Nxe7 Qxc8+ 69. Kxc8 Kf7 70. Nxg6 Kxg6 1/2-1/2

[Event "Liverpool Open"]
[Site "?"]
[Date "2007.09.03"]
[Round "2.42"]
[White "Solomon, Graeme"]
[Black "Wood, Michael"]
[Result "1-0"]
[WhiteElo "1408"]
[BlackElo "1616"]
[PlyCount "86"]
[EventDate "2007.09.05"]
[SourceDate "2007.09.05"]

1. d4 d5 2. Nf3 Nf6 3. e3 e6 4. Bd3 Bd6 5. Nbd2 O-O 6. O-O Nc6 7. Re1 e5 8.
dxe5 Nxe5 9. Nxe5 Bxe5 10. h3 Be6 11. f4 Bd6 12. Nf3 Ne4 13. g4 f5 14. g5 Qe8
15. Qe2 Qh5 16. Qg2 Rae8 17. a3 Bd7 18. b4 Re7 19. Bb2 Qe8 20. Ne5 Bxe5 21.
Bxe5 Bb5 22. Bd4 Qc6 23. Rac1 Qa6 24. Kh2 c6 25. Qe2 Bxd3 26. cxd3 Nd6 27. Bc5
Re6 28. a4 Rfe8 29. a5 b6 30. axb6 axb6 31. Bd4 Nb5 32. Be5 Qb7 33. Qf3 Nd6 34.
Rc2 Nf7 35. Bd4 Qc7 36. Rec1 Nxg5 37. Qh5 Nxh3 38. Rxc6 Nxf4 39. Qxe8+ Rxe8 40.
Rxc7 Nxd3 41. Rxg7+ Kf8 42. Rcg1 Nf2 43. Rg8+ Kf7 1-0